000 00346nam a2200133Ia 4500
008 170620s9999 xx 000 0 und d
020 _a8123905130
100 _aBECKETT - A H & STENLAKE
245 0 _aPRACTICAL PHARMACEUTICAL CHEMISTRY ONE
260 _bCBS- DELHI
260 _c2005
300 _a326
546 _aEnglish
690 _aPRACTICAL PHARMACEUTICAL CHEMISTRY
999 _c31068
_d31068